00918nas a2200229Ia 4500001001100000003000900011008004100020040001300061040001300074041001300087100005000100210001100150222001100161245008600172250001100258260003600269501008600305300001700391362003600408500020800444650003600652R052/F3965IT-RoPAU151124c99999999xx |||||||||||| ||und|| aIT-RoPAU cIT-RoPAU aITALIANO aRobbe-Grillet AlaingCodice Aut. SPICS: 1994 aSCRIPT aScript aSCRIPT, NUOVA SERIE, ANNO 07-N.18 (SETTEMBRE 1998)bCos'E' Stato Il Nouveau Roman a1a ed. aROMAbASSOCIAZIONE SCRIPTc1998 bPaulus - SPICS - Società San Paolo EM (non-commercial uses only)cCopyright2015 a9 p. [74-82] aANNO 007, N.18 (SETTEMBRE 1998) aConferenza Sul Nouveau Roman Tenuta a L'Aquila Agli Inizi di Giugno 1998. Due Incipit di Romanzi. Due Tipi di Racconti Antitetici. Due Nozioni della Coscienza Umana. Fenomenologia. Libertà di Pensiero. aCINEMAvPUBBLICAZIONE PERIODICA